Metal Gear Solid 3: Snake Eater - All 28 Titles - Statistics

General Stats
  • This quiz has been taken 7 times
  • The average score is 7 of 28
Answer Stats
Requirements Title % Correct
Hard+, 5 hours or less, 0 continues, 3 or less Alerts, 0 Kills, 5 or less LIFE Bars Taken, 0 LM used, No SI Fox
80%
Extreme+, 5 hours or less, 0 continues,0 Alerts, 0 Kills, 20 or less serious Injuries, 5 or less LIFE Bars Taken, 0 LM used, No SI Foxhound
80%
Less than 5 Hours Played Eagle
60%
5 Hours or Less, 0 Continues, 10 or less Alerts, 0 Kills, 0 LM used, No SI Hound
60%
50 or less Continues, 36+ Alerts 100 or Less Kills Jaguar
40%
Shoot All 64 of These Kerotan
40%
Clear the Game with these Attached to You Leech
40%
50 or less Continues, 35 or less Alerts 100 or Less Kills Scorpion
40%
20 or Less Injuries Tortoise
40%
250+ Serious Injuries Bear
20%
30+ Saves Cat
20%
50+ Hours, 60+ Continues, 250+ Alerts, 250+ Kills, 250+ Serious Injuries, 30 Life Bars Taken, 10 LM used Chicken
20%
250+ Alerts Cow
20%
250+ Kills Crocodile
20%
Normal+, 5.5 hours or less, 0 continues, 5 or less Alerts, 0 Kills, 0 LM used, No SI Doberman
20%
50+ Hours Giant Panda
20%
250+ Meals Pig
20%
0 Kills Pigeon
20%
Clear the Game with it Captured Alive Tsuchinoko
20%
Capture Every Plant and Animal Whale
20%
51+ Continues 35 or less Alerts 100 or Less Kills Centipede
0%
0 Alerts Chameleon
0%
Shoot All of 64 of These Ga-Ko
0%
51+ Continues 36+ Alerts 100 or Less Kills Leopard
0%
50 or less Continues, 36+ Alerts 101+ Kills Panther
0%
51+ Continues, 36+ Alerts 101+ Kills Puma
0%
51+ Continues 35 or Less Alerts 101+ Kills Spider
0%
50 or less Continues 35 or less Alerts 100+ Continues Tarantula
0%
No matching quizzes found
Score Distribution
Percent of People with Each Score
Percentile by Number Answered
Your Score History
You have not taken this quiz